000 00460nam a2200217 454500
001 070655
003 BD-ChCU
008 Eng
020 _ax
040 _aDLC
_cDLC
_dBD-ChCU
082 0 0 _a184/GOP
100 1 _aGosling, J.C.B.
_bx
245 1 0 _aPlato
_bx
250 _ax
260 _aLond.
_bRoutledge
_c1973
300 _aviii, 319
504 _ax
650 0 _aPhilosophy, Ancinent
_bPhilosophy, Ancient
700 1 _ax
942 _2ddc
_cBK
999 _c70655
_d70655